000 00542nam a22001937a 4500
005 20251108170557.0
008 250721s1994 xx 000 0 ara d
082 1 4 _aط/669.732/لوس
100 1 _aيعقوب، لوسي
245 1 0 _aمغامرة جبال المنجنيز /
264 1 _aالقاهره :
_bدار المعارف،
_c1994.
300 _a16ص
490 0 _aسلسلة ماذا تعلم عن...؛4
650 1 7 _aالمنغنيز
650 1 7 _aالمناجم
650 1 7 _aمصر
942 _2ddc
_cBK
999 _c43938
_d43938